[Event "World op 51st"]
[Site "Philadelphia"]
[Date "2023.07.03"]
[Round "7"]
[White "Burgos Rodriguez, Edison"]
[Black "Seshadri, Sridhar"]
[Result "1/2-1/2"]
[WhiteElo "1863"]
[BlackElo "1457"]
[PlyCount "44"]
[EventDate "2023.06.30"]
[EventType "swiss"]
[EventRounds "9"]
[EventCountry "USA"]
[SourceTitle "CBM 215 Extra"]
[Source "ChessBase"]
[SourceDate "2023.09.30"]
[SourceVersion "1"]
[SourceVersionDate "2023.09.30"]
[SourceQuality "1"]

1. f4 d5 2. Nf3 Nf6 3. e3 c6 4. Be2 Bg4 5. d3 Nbd7 6. Nbd2 Bxf3 7. Nxf3 Qc7 8. d4 Ne4 9. 0-0 Ndf6 10. Bd2 e6 11. Ne5 Nxd2 12. Qxd2 Ne4 13. Qe1 f6 14. Nd3 Bd6 15. Qh4 0-0-0 16. Qh3 f5 17. Ne5 Bxe5 18. fxe5 Qb6 19. b3 Qb4 20. c4 g6 21. cxd5 cxd5 22. Bd3 Kb8 1/2-1/2

[Event "Vancouver op"]
[Site "Chess.com INT"]
[Date "2020.07.25"]
[Round "?"]
[White "Ramkumar, Aditya"]
[Black "Seshadri, Sridhar"]
[Result "1/2-1/2"]
[WhiteElo "1452"]
[BlackElo "1626"]
[PlyCount "96"]
[EventDate "2020.07.25"]
[EventType "swiss"]
[EventRounds "5"]
[EventCountry "USA"]
[SourceTitle "EXT 2023"]
[Source "ChessBase"]
[SourceDate "2022.10.05"]
[SourceVersion "1"]
[SourceVersionDate "2022.10.05"]
[SourceQuality "1"]

1. Nf3 Nf6 2. d4 d5 3. Bf4 e6 4. e3 Bd6 5. Bg3 Ne4 6. c3 0-0 7. Be2 Nd7 8. Nbd2 f5 9. Bxd6 cxd6 10. c4 Ndf6 11. 0-0 Nxd2 12. Qxd2 Ne4 13. Qc2 Bd7 14. cxd5 exd5 15. Qb3 Be6 16. Rac1 Qe7 17. Rc2 Rac8 18. Rfc1 Rxc2 19. Rxc2 h6 20. g3 g5 21. Bd3 f4 22. Qa3 fxg3 23. Bxe4 gxh2+ 24. Kxh2 dxe4 25. Ne5 Rf6 26. d5 Bxd5 27. Ng4 Rf8 28. Nxh6+ Kh7 29. Ng4 Be6 30. Ne5 g4 31. Kg3 Rf3+ 32. Nxf3 gxf3 33. Qa5 Qg7+ 34. Kh2 Qh6+ 35. Kg1 Qg6+ 36. Kf1 Qg2+ 37. Ke1 Qg1+ 38. Kd2 Qxf2+ 39. Kd1 Qg1+ 40. Qe1 Qg7 41. Qh4+ Kg6 42. Qxe4+ Bf5 43. Qe8+ Kg5 44. Rh2 Kf6 45. Qd8+ Ke5 46. Qe8+ Kf6 47. Qd8+ Ke6 48. Qe8+ Kf6 1/2-1/2

[Event "Reykjavik op"]
[Site "Reykjavik"]
[Date "2019.04.10"]
[Round "4"]
[White "Feuerstein, Mario"]
[Black "Seshadri, Sridhar"]
[Result "1/2-1/2"]
[WhiteElo "1833"]
[BlackElo "1603"]
[PlyCount "144"]
[EventDate "2019.04.08"]
[EventType "swiss"]
[EventRounds "9"]
[EventCountry "ISL"]
[SourceTitle "CBM 189 Extra"]
[Source "ChessBase"]
[SourceDate "2019.06.03"]
[SourceVersion "1"]
[SourceVersionDate "2019.06.03"]
[SourceQuality "1"]

1. c4 Nf6 2. Nc3 c6 3. g3 e6 4. e4 d6 5. d4 h6 6. Bg2 Be7 7. Nf3 Na6 8. 0-0 0-0 9. a3 Nd7 10. b4 e5 11. d5 Nf6 12. h3 cxd5 13. cxd5 Bd7 14. Be3 Rc8 15. Rc1 b6 16. Qd3 Nc7 17. Rc2 Nb5 18. Nb1 Rxc2 19. Qxc2 Qc8 20. Qd3 Qb7 21. a4 Nc7 22. Nc3 b5 23. a5 Na6 24. Na2 Rc8 25. Rc1 Rxc1+ 26. Bxc1 Nc7 27. Qc2 a6 28. Be3 Na8 29. Ne1 Qc8 30. Qxc8+ Bxc8 31. Nd3 Nd7 32. f4 f6 33. Nc3 Nf8 34. f5 Bd7 35. Bf3 Be8 36. g4 Kh7 37. Kg2 Kh8 38. Kg3 Nh7 39. h4 Bd7 40. Nf2 Nc7 41. Bb6 Na8 42. Ba7 Bd8 43. Be2 Kg8 44. Nh3 Kf8 45. Nb1 Ke7 46. Nd2 Ke8 47. Bb8 Bc7 48. Bxc7 Nxc7 49. Nf3 Ke7 50. g5 hxg5 51. hxg5 Bxf5 52. exf5 Nxd5 53. g6 Nf8 54. Nf2 Nxb4 55. Ne4 Nc6 56. Bxb5 axb5 57. a6 Nd7 58. Kf2 Ndb8 59. Ng3 Nxa6 60. Nh4 Kf8 61. Ke3 b4 62. Kd2 Nc5 63. Ne2 Nd4 64. Ng3 b3 65. Kc1 e4 66. Kb2 Na4+ 67. Kb1 d5 68. Ng2 Nc3+ 69. Kc1 Nce2+ 70. Nxe2 Nxe2+ 71. Kb2 Nd4 72. Ne3 Ke7 1/2-1/2

[Event "Seattle Super Masters-B"]
[Site "Seattle"]
[Date "2018.03.04"]
[Round "5"]
[White "Seshadri, Sridhar"]
[Black "Vijayakumar, Advaith"]
[Result "1/2-1/2"]
[WhiteElo "1584"]
[BlackElo "1687"]
[PlyCount "64"]
[EventDate "2018.03.02"]
[EventType "swiss"]
[EventRounds "5"]
[EventCountry "USA"]
[SourceTitle "EXT 2023"]
[Source "ChessBase"]
[SourceDate "2022.10.05"]
[SourceVersion "1"]
[SourceVersionDate "2022.10.05"]
[SourceQuality "1"]

1. c4 e5 2. e4 Nc6 3. Nc3 Bc5 4. Nf3 d6 5. h3 Nf6 6. d3 h6 7. a3 a6 8. Be2 0-0 9. b4 Ba7 10. 0-0 Be6 11. Nd5 Nd4 12. Nxd4 Bxd4 13. Rb1 c6 14. Ne3 d5 15. Bf3 Bxe3 16. Bxe3 dxe4 17. dxe4 Bxc4 18. Re1 Qc7 19. Qc2 Be6 20. a4 Nd7 21. Rbc1 f5 22. exf5 Bxf5 23. Be4 Bxe4 24. Qxe4 Nf6 25. Qc4+ Qf7 26. Qc2 Nd5 27. Bc5 Rfe8 28. a5 Nf4 29. Re3 Qg6 30. Qa2+ Qe6 31. Qc2 Qg6 32. Qa2+ Qf7 1/2-1/2

[Event "British Columbia-Washington m B"]
[Site "Victoria"]
[Date "2017.01.13"]
[Round "1.5"]
[White "Ozkan, Charlie"]
[Black "Seshadri, Sridhar"]
[Result "1/2-1/2"]
[WhiteElo "1947"]
[BlackElo "1672"]
[PlyCount "71"]
[EventDate "2017.01.13"]
[EventType "team"]
[EventRounds "5"]
[EventCountry "CAN"]
[SourceTitle "EXT 2022"]
[Source "ChessBase"]
[SourceDate "2021.10.06"]
[SourceVersion "1"]
[SourceVersionDate "2021.10.06"]
[SourceQuality "1"]

1. c4 Nf6 2. Nc3 g6 3. Nf3 Bg7 4. d4 d5 5. Bg5 c6 6. Bxf6 exf6 7. e3 0-0 8. Be2 Be6 9. Qb3 b6 10. 0-0 Re8 11. cxd5 cxd5 12. Rac1 Nc6 13. Bb5 Na5 14. Qa4 Re7 15. Nd2 Rc8 16. Ba6 Rcc7 17. Nb5 Rxc1 18. Rxc1 Bd7 19. Qd1 Bxb5 20. Rc8 Qxc8 21. Bxc8 Rc7 22. Bg4 Bf8 23. g3 Ba6 24. Be2 Bxe2 25. Qxe2 Rc2 26. Qd3 Rxb2 27. Nf3 Rxa2 28. Qa6 Ra1+ 29. Kg2 Ra3 30. Qxa7 Nc4 31. Qb7 Ra2 32. h4 Nxe3+ 33. Kg1 Ra1+ 34. Kh2 Ra2 35. Kg1 Ra1+ 36. Kh2 1/2-1/2

[Event "Northwest op"]
[Site "Seattle"]
[Date "2014.12.13"]
[Round "2"]
[White "Seshadri, Sridhar"]
[Black "Pupols, Viktors"]
[Result "0-1"]
[WhiteElo "1706"]
[BlackElo "2202"]
[PlyCount "112"]
[EventDate "2014.12.13"]
[EventType "swiss"]
[EventRounds "5"]
[EventCountry "USA"]
[SourceTitle "EXT 2017"]
[Source "ChessBase"]
[SourceDate "2016.10.25"]
[SourceVersion "1"]
[SourceVersionDate "2016.10.25"]
[SourceQuality "1"]

1. d4 Nf6 2. Bg5 c6 3. Nf3 Qb6 4. Qc1 Ne4 5. Bf4 d5 6. e3 e6 7. Be2 Bd6 8. Bxd6 Nxd6 9. Nbd2 Nd7 10. c4 dxc4 11. Nxc4 Nxc4 12. Bxc4 0-0 13. 0-0 Rd8 14. Rd1 Nf8 15. Bd3 Bd7 16. Qc2 Qa5 17. Ne5 Be8 18. Qc3 Qc7 19. Rac1 Qe7 20. Nf3 f6 21. Rc2 Bf7 22. Bc4 c5 23. Qa3 a6 24. b3 Ng6 25. Be2 cxd4 26. Qxe7 Nxe7 27. Nxd4 e5 28. Nf3 Rxd1+ 29. Bxd1 Nc6 30. Rd2 Be6 31. h3 Kf7 32. Nh2 Ke7 33. Bc2 g6 34. f4 f5 35. Nf3 e4 36. Ng5 Bg8 37. h4 h6 38. Nh3 Nb4 39. Nf2 Rc8 40. Bd1 Nd5 41. Be2 Nxe3 42. Nh3 Rc1+ 43. Kf2 Nd5 44. Kg3 Rc3+ 45. Kh2 Nb4 46. h5 gxh5 47. Bxh5 Rc2 48. Rxc2 Nxc2 49. g4 Bf7 50. Kg2 Bxh5 51. gxh5 Nb4 52. a4 Nd3 53. Kf1 Nc5 54. Ke2 Nxb3 55. Nf2 Nc5 56. Ke3 Nxa4 0-1